Largest Country Containing Each Letter Quiz Stats

 Plays Quiz Updated Nov 17, 2016

Support Sporcle.
Go Orange.
Score 0/26 Timer 04:00
3 Plays Today
Letter Country % Correct
IRussia
98.7%
RRussia
98.7%
SRussia
98.7%
URussia
98.7%
ARussia
98.7%
EUnited States of America
96.9%
FUnited States of America
96.9%
MUnited States of America
96.9%
OUnited States of America
96.9%
TUnited States of America
96.9%
CCanada
96.1%
DCanada
96.1%
NCanada
96.1%
Letter Country % Correct
HChina
94.7%
BBrazil
94.3%
LBrazil
94.3%
ZBrazil
94.3%
XMexico
77.6%
GArgentina
72.8%
JJapan
71.6%
KKazakhstan
71%
PDemocratic Republic of the Congo
48.3%
QMozambique
38.9%
YLibya
32.9%
VBolivia
18.9%
WBotswana
12.7%

You're not logged in!

Compare scores with friends on all Sporcle quizzes.
OR
Log In

From the Vault

Letter 'O' Bunker

by Flick

Don't tell anyone it's actually our donut bunker.
Remove Ads.
Support Sporcle.
Get the best of Sporcle when you Go Orange. This ad-free experience offers more features, more stats, and more fun while also helping to support Sporcle. Thank you for becoming a member.

Show Comments

Extras

Top Quizzes Today


Score Distribution

Your Account Isn't Verified!

In order to create a playlist on Sporcle, you need to verify the email address you used during registration. Go to your Sporcle Settings to finish the process.

Report this User

Report this user for behavior that violates our Community Guidelines.

Details: